Pour Your Heart Into It : How Starbucks Built A Company One Cup At A Time
| Main Author: | |
|---|---|
| Format: | Book |
| Language: | English |
| Published: |
New York :
Hyperion ,
1997
|
| Subjects: |
MARC
| LEADER | 00000cam a2200000 7i4500 | ||
|---|---|---|---|
| 001 | 0000060413 | ||
| 005 | 20080613.0 | ||
| 008 | 080613 eng | ||
| 020 | |a 0786883561 | ||
| 090 | 0 | 0 | |a LC 647.45 SCH |
| 100 | 1 | |a Schultz, Howard | |
| 245 | 0 | 0 | |a Pour Your Heart Into It : |b How Starbucks Built A Company One Cup At A Time |c Howard Schultz |
| 260 | |a New York : |b Hyperion , |c 1997 | ||
| 300 | |a viii,351p. ; |c 24cm. | ||
| 650 | 0 | 0 | |a Starbucks Coffee Company |
| 999 | |a 0000000515 |b Buku |c Rak Terbuka |e Perbadanan Perpustakaan Awam Melaka | ||